| 000 | 00676nam a2200205Ia 4500 | ||
|---|---|---|---|
| 001 | 16965 | ||
| 003 | GE_BSU | ||
| 008 | 181216s||||||||xx |||||||||||||| ||und|| | ||
| 040 | _cGE_BSU | ||
| 080 | _a821.353.1 + 821.353.1-32 + 821.353.1-31 | ||
| 100 | _aგვეტაძე, რაჟდენ | ||
| 245 | _aთხზულებანი : 2 ტომად ტ. 1. | ||
| 245 | _cბ. ჟღენტის წინასიტყვაობით | ||
| 260 | _aთბილისი | ||
| 260 | _bსახელგამი | ||
| 260 | _c1955 | ||
| 300 | _a380 გვ. : 1ფ. პორტრ. 22 სმ. | ||
| 653 | _aთხზულებანი | ||
| 942 | _cBK | ||
| 999 |
_c50027 _d50027 |
||